[Event "Styrian op U14/18 29th"]
[Site "Mureck"]
[Date "2023.08.08"]
[Round "8"]
[White "Englert, Lin"]
[Black "Schmied, Hagen Matthias"]
[Result "0-1"]
[WhiteElo "1481"]
[BlackElo "1145"]
[PlyCount "58"]
[EventDate "2023.08.02"]
[EventRounds "9"]
[EventCountry "AUT"]
[SourceTitle "EXT 2024"]
[Source "ChessBase"]
[SourceDate "2023.10.10"]
[SourceVersion "1"]
[SourceVersionDate "2023.10.10"]
[SourceQuality "1"]

1. d4 Nf6 2. c4 e6 3. Nc3 Bb4 4. e3 c5 5. a3 Bxc3+ 6. bxc3 Nc6 7. Nf3 0-0 8. Bd3 d6 9. Qc2 e5 10. d5 Ne7 11. h3 Ng6 12. 0-0 Qe7 13. e4 h6 14. Be3 Nh5 15. Qd2 Nhf4 16. Bc2 f5 17. Kh2 Nh5 18. exf5 Bxf5 19. Bxf5 Rxf5 20. Ng1 e4 21. Ne2 Qe5+ 22. Kh1 Raf8 23. Rae1 Nh4 24. Rb1 R8f6 25. g3 Rf3 26. Rg1 Qf5 27. Kh2 Rxf2+ 28. Bxf2 Qxf2+ 29. Kh1 Nf3 0-1

[Event "Styrian op U14/18 29th"]
[Site "Mureck"]
[Date "2023.08.05"]
[Round "5"]
[White "Pumberger, Niklas"]
[Black "Englert, Lin"]
[Result "1/2-1/2"]
[WhiteElo "1414"]
[BlackElo "1481"]
[PlyCount "41"]
[EventDate "2023.08.02"]
[EventRounds "9"]
[EventCountry "AUT"]
[SourceTitle "EXT 2024"]
[Source "ChessBase"]
[SourceDate "2023.10.10"]
[SourceVersion "1"]
[SourceVersionDate "2023.10.10"]
[SourceQuality "1"]

1. d4 d5 2. c4 c6 3. e3 Nf6 4. Nc3 Bf5 5. Nf3 e6 6. Bd3 Bxd3 7. Qxd3 Bd6 8. 0-0 0-0 9. e4 dxe4 10. Nxe4 Nxe4 11. Qxe4 Nd7 12. Rd1 Nf6 13. Qc2 Qc7 14. b3 Rad8 15. Bb2 Be7 16. Rd2 Qf4 17. Rd3 Qf5 18. Re1 Qa5 19. Bc3 Qc7 20. h3 h6 21. Red1 1/2-1/2

[Event "GER-ch U16 Girls"]
[Site "Willingen"]
[Date "2023.06.02"]
[Round "8"]
[White "Englert, Lin"]
[Black "Malmstroem, Eva"]
[Result "1/2-1/2"]
[WhiteElo "1447"]
[BlackElo "1454"]
[PlyCount "42"]
[EventDate "2023.05.27"]
[EventType "swiss"]
[EventRounds "9"]
[EventCountry "GER"]
[SourceTitle "CBM 214 Extra"]
[Source "ChessBase"]
[SourceDate "2023.07.31"]
[SourceVersion "1"]
[SourceVersionDate "2023.07.31"]
[SourceQuality "1"]

1. d4 d5 2. c4 e6 3. Nc3 Nf6 4. cxd5 exd5 5. Bg5 c6 6. e3 Be7 7. Nf3 0-0 8. Qc2 Ne8 9. Bxe7 Qxe7 10. Bd3 h6 11. h3 Nd6 12. 0-0 Nd7 13. Rac1 Re8 14. Rfe1 Ne4 15. Nd2 Ndf6 16. Ndxe4 Nxe4 17. Nxe4 dxe4 18. Bc4 Qg5 19. Kh1 Be6 20. Qb3 Bxc4 21. Rxc4 Qd5 1/2-1/2

[Event "GER-ch U14 Girls"]
[Site "Willingen"]
[Date "2022.06.09"]
[Round "7"]
[White "Englert, Lin"]
[Black "Mueller, Riyanna"]
[Result "1-0"]
[WhiteElo "1503"]
[BlackElo "1537"]
[PlyCount "93"]
[EventDate "2022.06.04"]
[EventType "swiss"]
[EventRounds "9"]
[EventCountry "GER"]
[SourceTitle "CBM 208 Extra"]
[Source "ChessBase"]
[SourceDate "2022.07.31"]
[SourceVersion "1"]
[SourceVersionDate "2022.07.31"]
[SourceQuality "1"]

1. d4 d5 2. c4 dxc4 3. e4 b5 4. a4 c6 5. Nc3 a6 6. axb5 cxb5 7. Nxb5 axb5 8. Rxa8 Bb7 9. Ra1 e6 10. f3 f5 11. exf5 Nf6 12. fxe6 Nd5 13. Ne2 Bd6 14. g3 0-0 15. Bg2 Bb4+ 16. Kf2 Qf6 17. Nf4 g5 18. Nxd5 Bxd5 19. Rf1 Nc6 20. Be3 Qxe6 21. Bxg5 c3 22. bxc3 Bxc3 23. Ra3 b4 24. Rxc3 bxc3 25. Re1 Qf5 26. Bf4 Nb4 27. Re3 c2 28. Qd2 Na2 29. Re5 c1Q 30. Qxc1 Nxc1 31. Rxf5 Rxf5 32. Bxc1 h5 33. f4 Bxg2 34. Kxg2 Rd5 35. Be3 Kf7 36. Kf3 Ke6 37. Ke4 Ra5 38. h3 Rb5 39. g4 Ra5 40. f5+ Kf7 41. Bg5 hxg4 42. hxg4 Ke8 43. Bf6 Kf7 44. g5 Rb5 45. Be5 Ra5 46. g6+ Kf8 47. f6 1-0

[Event "GER-ch U14 Girls"]
[Site "Willingen"]
[Date "2022.06.05"]
[Round "2"]
[White "Wartenberg, Alissa"]
[Black "Englert, Lin"]
[Result "1-0"]
[WhiteElo "1790"]
[BlackElo "1503"]
[PlyCount "73"]
[EventDate "2022.06.04"]
[EventType "swiss"]
[EventRounds "9"]
[EventCountry "GER"]
[SourceTitle "CBM 208 Extra"]
[Source "ChessBase"]
[SourceDate "2022.07.31"]
[SourceVersion "1"]
[SourceVersionDate "2022.07.31"]
[SourceQuality "1"]

1. e4 c5 2. Nf3 Nc6 3. d4 cxd4 4. Nxd4 g6 5. c4 Bg7 6. Be3 Nf6 7. Nc3 0-0 8. f3 d6 9. Qd2 a6 10. 0-0-0 Bd7 11. g4 Rc8 12. h4 h5 13. gxh5 Nxh5 14. Be2 Nxd4 15. Bxd4 Be6 16. Bxg7 Kxg7 17. f4 Ng3 18. Rhg1 Nxe2+ 19. Qxe2 Bxc4 20. Qg2 Rh8 21. Kb1 Rxh4 22. f5 Rh6 23. fxg6 Rxg6 24. Qh3 Qh8 25. Qf5 Be6 26. Rxg6+ fxg6 27. Qxe6 Qe8 28. Nd5 Rc5 29. Rg1 Qf7 30. Qxe7 Qxe7 31. Nxe7 g5 32. Nf5+ Rxf5 33. exf5 Kf6 34. Rf1 g4 35. Kc2 g3 36. Rg1 Kxf5 37. Rxg3 1-0

[Event "Heusenstamm Sparkassen op-B 7th"]
[Site "Heusenstamm"]
[Date "2021.11.19"]
[Round "3.22"]
[White "Spreer, Lutz"]
[Black "Englert, Lin"]
[Result "1/2-1/2"]
[WhiteElo "1626"]
[BlackElo "1476"]
[PlyCount "76"]
[EventDate "2021.11.18"]
[EventType "swiss"]
[EventRounds "7"]
[EventCountry "GER"]
[SourceTitle "EXT 2023"]
[Source "ChessBase"]
[SourceDate "2022.10.05"]
[SourceVersion "1"]
[SourceVersionDate "2022.10.05"]
[SourceQuality "1"]

1. e4 c5 2. Nc3 Nc6 3. f4 g6 4. Nf3 Bg7 5. Bb5 d6 6. d3 Bd7 7. 0-0 a6 8. Bxc6 Bxc6 9. Be3 b6 10. e5 e6 11. Ng5 h6 12. Nge4 dxe5 13. fxe5 Bxe5 14. Qf3 Qc7 15. h3 f5 16. Qf2 0-0-0 17. Nd2 g5 18. Nc4 f4 19. Nxe5 Qxe5 20. Bd2 Qd4 21. Rae1 Qxf2+ 22. Rxf2 Rd6 23. Ne4 Bxe4 24. Rxe4 Nf6 25. Re5 Nd5 26. h4 Rg8 27. Rfe2 Kd7 28. a3 Nf6 29. Bc3 Nd5 30. Bd2 Ke7 31. b4 cxb4 32. axb4 Kf7 33. c4 Nf6 34. c5 bxc5 35. bxc5 Rc6 36. d4 Ng4 37. R5e4 Rd8 38. g3 Nf6 1/2-1/2

[Event "EU Union-ch U14 18th"]
[Site "Mureck"]
[Date "2021.08.12"]
[Round "9"]
[White "Todorova, Daniela"]
[Black "Englert, Lin"]
[Result "0-1"]
[WhiteElo "1054"]
[BlackElo "1503"]
[PlyCount "126"]
[EventDate "2021.08.04"]
[EventType "swiss"]
[EventRounds "9"]
[EventCountry "AUT"]
[SourceTitle "EXT 2022"]
[Source "ChessBase"]
[SourceDate "2021.10.06"]
[SourceVersion "1"]
[SourceVersionDate "2021.10.06"]
[SourceQuality "1"]

1. e4 c5 2. Nf3 Nc6 3. Bc4 g6 4. d3 Bg7 5. 0-0 d6 6. Bd2 Bxb2 7. Nc3 Bxa1 8. Qxa1 Nf6 9. Nd5 Be6 10. Re1 Bxd5 11. exd5 Nb8 12. Qxf6 0-0 13. Rxe7 Nd7 14. Qxd6 Nb6 15. Qe5 Nd7 16. Rxd7 Qxd7 17. Bh6 f6 18. d6+ Kh8 19. Qxc5 Rfd8 20. Ne5 Re8 21. Bb5 Rxe5 22. Qxe5 fxe5 23. Bxd7 Rd8 24. d4 exd4 25. Bf4 Rxd7 26. Kf1 Kg7 27. Ke2 Kf6 28. Kd3 Ke6 29. Kxd4 Rf7 30. Bg3 Rf5 31. c4 Ra5 32. Ke4 Rxa2 33. Kd4 Ra4 34. Kc5 Ra1 35. Kb4 Rb1+ 36. Kc5 Rg1 37. Kb5 Rxg2 38. c5 Rg1 39. Kc4 Rc1+ 40. Kd4 a5 41. Bf4 Rf1 42. Be3 Rh1 43. Kc4 Rb1 44. Bd4 a4 45. Kc3 a3 46. Kc2 a2 47. Ba1 Rxa1 48. Kb2 Rb1+ 49. Kxa2 Rc1 50. Kb3 Rxc5 51. Kb4 Kxd6 52. f3 Rf5 53. h4 b5 54. Ka5 Kc5 55. Ka6 Rf4 56. Kb7 b4 57. Kc7 Rf7+ 58. Kd8 Kc6 59. Ke8 Ra7 60. Kd8 b3 61. Ke8 b2 62. Kf8 b1Q 63. Ke8 Qb8# 0-1

[Event "Heusenstamm Sparkassen op-B 6th"]
[Site "Heusenstamm"]
[Date "2019.11.21"]
[Round "1"]
[White "Englert, Lin"]
[Black "Merz, Leander"]
[Result "1-0"]
[WhiteElo "1498"]
[BlackElo "1164"]
[PlyCount "69"]
[EventDate "2019.11.21"]
[EventType "swiss"]
[EventRounds "7"]
[EventCountry "GER"]
[SourceTitle "CBM 194 Extra"]
[Source "ChessBase"]
[SourceDate "2020.03.31"]
[SourceVersion "1"]
[SourceVersionDate "2020.03.31"]
[SourceQuality "1"]

1. d4 e6 2. c4 Nf6 3. Nc3 c5 4. Nf3 d5 5. cxd5 exd5 6. Bg5 h6 7. Bf4 Nc6 8. dxc5 Bxc5 9. e3 Be6 10. Bd3 Qb6 11. Qc2 d4 12. exd4 Bxd4 13. a3 0-0-0 14. 0-0 Bxc3 15. bxc3 Bb3 16. Bf5+ Be6 17. Bxe6+ fxe6 18. Rfe1 Rhe8 19. Nd4 Nxd4 20. cxd4+ Qc6 21. Qxc6+ bxc6 22. Be5 Re7 23. Rec1 Kd7 24. Rab1 Rc8 25. Rb4 Rf7 26. Ra4 Ke8 27. Ra6 Rb7 28. h3 Kd7 29. Rc3 Ne4 30. Rf3 Ng5 31. Rg3 Ra8 32. f4 Ne4 33. Rxg7+ Kc8 34. Rg8+ Kd7 35. Rxa8 1-0

[Event "Rhein Main op-B 22nd"]
[Site "Bad Homburg"]
[Date "2019.06.23"]
[Round "7"]
[White "Weirich, Eric"]
[Black "Englert, Lin"]
[Result "1/2-1/2"]
[WhiteElo "1721"]
[BlackElo "1494"]
[PlyCount "89"]
[EventDate "2019.06.19"]
[EventType "swiss"]
[EventRounds "7"]
[EventCountry "GER"]
[SourceTitle "EXT 2020"]
[Source "ChessBase"]
[SourceDate "2019.10.17"]
[SourceVersion "1"]
[SourceVersionDate "2019.10.17"]
[SourceQuality "1"]

1. d4 d5 2. Nf3 Nf6 3. Bf4 e6 4. h3 Bd7 5. e3 c5 6. c3 Nc6 7. Be2 Be7 8. 0-0 0-0 9. Nbd2 c4 10. a4 Qb6 11. Qc2 a6 12. Rfb1 Qd8 13. b3 cxb3 14. Nxb3 Bc8 15. c4 h6 16. Nbd2 Bd6 17. Bxd6 Qxd6 18. c5 Qc7 19. Rb6 Nd7 20. Rb2 f6 21. Nh4 Ne7 22. Ng6 Nxg6 23. Qxg6 Rd8 24. Bd3 Nf8 25. Qh5 Qf7 26. Qh4 Rd7 27. f4 f5 28. Nf3 Rc7 29. Ne5 Qe7 30. Qg3 Nd7 31. Nxd7 Qxd7 32. Rb6 Rc6 33. Rb2 Qf7 34. Qf3 Qd7 35. Be2 g6 36. Kf2 Kf7 37. Rbb1 Qe7 38. Rh1 Bd7 39. a5 Rc7 40. g3 Bc6 41. h4 h5 42. Rhb1 Qd7 43. Bd1 Re8 44. Rb6 Re7 45. Rab1 1/2-1/2

[Event "Rhein Main op-B 22nd"]
[Site "Bad Homburg"]
[Date "2019.06.21"]
[Round "4"]
[White "Schmid, Herbert"]
[Black "Englert, Lin"]
[Result "1-0"]
[WhiteElo "1737"]
[BlackElo "1494"]
[PlyCount "103"]
[EventDate "2019.06.19"]
[EventType "swiss"]
[EventRounds "7"]
[EventCountry "GER"]
[SourceTitle "EXT 2020"]
[Source "ChessBase"]
[SourceDate "2019.10.17"]
[SourceVersion "1"]
[SourceVersionDate "2019.10.17"]
[SourceQuality "1"]

1. e4 c5 2. Nf3 Nc6 3. c3 g6 4. d4 cxd4 5. cxd4 Bg7 6. Nc3 Nf6 7. Bb5 0-0 8. 0-0 a6 9. Ba4 e6 10. Bg5 h6 11. Bh4 g5 12. Bg3 d5 13. e5 Nd7 14. Bc2 Re8 15. Re1 b5 16. a3 Na5 17. b3 Bb7 18. h3 Nf8 19. Nh2 Rc8 20. Re3 Re7 21. Rc1 Rec7 22. Bb1 Qe7 23. f4 Ng6 24. f5 exf5 25. Bxf5 Rd8 26. e6 Rc6 27. Ng4 Nf8 28. exf7+ Qxf7 29. Rf3 Qe7 30. Be5 Bxe5 31. Nxe5 Rf6 32. Ng4 Rc6 33. Ne5 Rf6 34. Qc2 Rdd6 35. Rcf1 Kg7 36. Rg3 Nc6 37. Nxc6 Bxc6 38. h4 Rf7 39. hxg5 hxg5 40. Qc1 Kh6 41. Re3 Qd8 42. Qd1 Kg7 43. Rh3 Rh6 44. Re3 Rd6 45. Qf3 Rdf6 46. Qg4 Rd6 47. Re5 Nd7 48. Bxd7 Rxf1+ 49. Kxf1 Rxd7 50. Rxg5+ Kh8 51. Qf5 Rh7 52. Qe5+ 1-0

[Event "EU Union-ch U10"]
[Site "Kouty nad Desnou"]
[Date "2018.08.13"]
[Round "7"]
[White "Englert, Lin"]
[Black "Hristova, Ivelina"]
[Result "1/2-1/2"]
[WhiteElo "1316"]
[BlackElo "1317"]
[PlyCount "81"]
[EventDate "2018.08.07"]
[EventType "swiss"]
[EventRounds "9"]
[EventCountry "CZE"]
[SourceTitle "CBM 186 Extra"]
[Source "ChessBase"]
[SourceDate "2018.08.24"]
[SourceVersion "1"]
[SourceVersionDate "2018.08.24"]
[SourceQuality "1"]

1. e4 c5 2. Nf3 Nc6 3. d4 cxd4 4. Nxd4 g6 5. c4 Bg7 6. Be3 Nf6 7. Nc3 Ng4 8. Nxc6 Nxe3 9. Nxd8 Nxd1 10. Rxd1 Bxc3+ 11. bxc3 Kxd8 12. c5 Kc7 13. Bb5 b6 14. cxb6+ axb6 15. a4 d6 16. f3 Ra5 17. Kf2 Ba6 18. c4 Ra8 19. e5 Bxb5 20. exd6+ exd6 21. axb5 Ra2+ 22. Kg3 Rc2 23. Rc1 Raa2 24. Rhg1 Rab2 25. h4 d5 26. cxd5 Kd6 27. Rxc2 Rxc2 28. Rb1 Rc4 29. f4 Kxd5 30. Rd1+ Rd4 31. Rb1 Kc5 32. Kg4 f6 33. g3 Rb4 34. Rxb4 Kxb4 35. h5 Kxb5 36. hxg6 hxg6 37. f5 gxf5+ 38. Kxf5 Kc5 39. Kxf6 b5 40. g4 b4 41. g5 1/2-1/2

[Event "GER-ch U10 Girls"]
[Site "Willingen"]
[Date "2018.05.22"]
[Round "5"]
[White "Englert, Lin"]
[Black "Klonov, Sofia"]
[Result "0-1"]
[WhiteElo "1442"]
[BlackElo "1028"]
[PlyCount "54"]
[EventDate "2018.05.19"]
[EventType "swiss"]
[EventRounds "11"]
[EventCountry "GER"]
[SourceTitle "CBM 184 Extra"]
[Source "ChessBase"]
[SourceDate "2018.06.28"]
[SourceVersion "1"]
[SourceVersionDate "2018.06.28"]
[SourceQuality "1"]

1. e4 c5 2. Nf3 Nc6 3. d4 cxd4 4. Nxd4 g6 5. Nc3 Bg7 6. Be3 Nf6 7. Bc4 Qa5 8. Nxc6 dxc6 9. Bd2 0-0 10. Bb3 Bd7 11. 0-0 Bg4 12. Qe1 Qc7 13. h3 Bd7 14. Qc1 Rad8 15. Bf4 e5 16. Bg3 Rfe8 17. Qe3 c5 18. a3 c4 19. Ba2 Be6 20. Rad1 a6 21. Rxd8 Rxd8 22. Rd1 b5 23. Rxd8+ Qxd8 24. Bxe5 Ng4 25. hxg4 Bxe5 26. Qf3 Qd2 27. Bb1 Qe1# 0-1